| 000 | 00747nam a22002417a 4500 | ||
|---|---|---|---|
| 001 | 72035 | ||
| 003 | UA-OsUOA | ||
| 005 | 20201202204414.0 | ||
| 007 | ta | ||
| 008 | 20101217b un ||||| |||| 00| 0 ukr d | ||
| 020 | _a966-95152-0-3 | ||
| 040 |
_aUA-OsUOA _bukr _cUA-OsUOA _dUA-OsUOA |
||
| 041 | _aukr | ||
| 080 | _a811.161.2(075.5) | ||
| 090 |
_a811.161.2(075.5) _bО-54 |
||
| 100 | _aОлійник О. | ||
| 245 |
_aУкраїнська мова _bпідручник для 8-9 класів середньогї школи |
||
| 260 |
_aК. _bАльфа _c1997 |
||
| 300 | _a432 с. | ||
| 650 | 7 |
_a8 Мовознавство. Художня література. Літературознавство _2UDC |
|
| 942 |
_cBK _2udc |
||
| 955 | _a2 | ||
| 999 |
_c358306 _d358306 |
||